000 01201nam0a22002891 4500
001 v19\rc\1649109
005 20250619002534.0
035 _a(NLR Aleph) 004760779
090 _a4581893
_c4581893
100 _a20061002d1888 |||y0rusy50 ca
101 1 _arus
_cger
102 _aRU
105 _ay z |||||
200 1 _aCompendium практической токсикологии
_eРуководство для врачей и студентов
_f[Соч.] Р. Коберта, орд. проф. фармакологии в Дерпт. ун-те
_gПер. с доп. по 2-му нем. изд. М. Ериховера
_gПод ред. доц. д-ра мед. С. Залеского
210 _aДерпт
_cГ. Лакман
_d1888
215 _aVIII, 287 с.
_d24
700 1 _aКоберт
_bР.Ф.
_f1854-
_gРудольф Фридрихович
702 1 _aЗалесский
_bС.И.
_f1858-
_gСтанислав Иосафатович
_4340
702 1 _aЕриховер
_bМ.
_4730
801 0 _aRU
_bNLR
_gpsbo
801 0 _aRU
_bRuMoRGB
_2psbo
801 1 _aRU
_bProSoft-M
_2rusmarc
852 _aNLR
_j18.319.4.7
899 _aRuMoRGB
_jU 118/371
899 _aБАН
942 _cBOOK
980 _aNB